Statistics for U.S States by Airport Code

Click here to take the quiz!

General Stats

  • This quiz has been taken 931 times
  • The average score is 31 of 50

Answer Stats

AirportState% Correct
HNL | OGG | KOAHawaii
95%
LAX | SFO | SANCalifornia
93%
PHX | FLG | TUSArizona
90%
LAS | RNO | CSNNevada
90%
DEN | COS | GJTColorado
87%
MIA | MCO | JAXFlorida
87%
ATL | SAV | CSGGeorgia
85%
ORD | MDW | CMIIllinois
85%
JFK | LGA | ALBNew York
84%
PHL | PIT | MDTPennsylvania
82%
IND | EVV | FWAIndiana
81%
OKC | LAW | TULOklahoma
80%
SEA | GEG | BLIWashington
80%
BOS | ORH | ACKMassachusetts
79%
DFW | IAH | AUSTexas
79%
ANC | FAI | JNUAlaska
78%
OMA | LNK | LBFNebraska
75%
ABQ | ROW | SAFNew Mexico
73%
BOI | IDA | LWSIdaho
71%
PDX | EUG | RDMOregon
71%
EWR | ACY | TTNNew Jersey
69%
CLE | LUK | CMHOhio
68%
MSY | SHV | BTRLouisiana
67%
MCI | STL | SGFMissouri
65%
RDU | CLT | RAYNorth Carolina
64%
DTW | FNT | GRRMichigan
63%
FAR | BIS | GFKNorth Dakota
63%
MSP | RST | DLHMinnesota
62%
CVG | LEX | PAHKentucky
60%
BNA | MEM | CHATennessee
60%
SLC | OGD | PVUUtah
58%
BWI | FDK | HGRMaryland
57%
DSM | DBQ | SUXIowa
54%
BHM | MOB | MGMAlabama
53%
IAD | DCA | PHFVirginia
50%
MKE | MSN | GRBWisconsin
47%
BGR | BHB | PWMMaine
44%
BZN | BIL | HLNMontana
44%
RAP | FSD | PIRSouth Dakota
43%
CHS | CAE | GSPSouth Carolina
42%
LIT | FSM | FYVArkansas
41%
ILGDelaware
39%
BTV | RUTVermont
38%
PVD | BID | WSTRhode Island
34%
BDL | HVN | BDRConnecticut
32%
COD | JAC | LARWyoming
32%
JAN | GPT | PIBMississippi
31%
FOE | MHK | ICTKansas
30%
MHT | LEB | PSMNew Hampshire
26%
CRW | HTS | MGWWest Virginia
26%

Score Distribution

Percentile by Number Answered

Percent of People with Each Score

Your Score History

You have not taken this quiz